[Event "IM Marmaris Karia V 2019"]
[Site "Marmaris"]
[Date "2019.03.12"]
[Round "9.2"]
[White "Keler, Faruk"]
[Black "Dimitrijevic, Aleksandra"]
[Result "0-1"]
[WhiteElo "2291"]
[BlackElo "2139"]
[Annotator "TA"]
[PlyCount "92"]
[EventDate "2019.03.09"]
[EventType "schev"]
[EventCountry "TUR"]
[SourceTitle "playchess.com"]
[Source "ChessBase"]
[SourceQuality "1"]

{[%evp 21,92,0,14,3,18,17,65,71,63,37,41,20,8,4,107,81,91,9,35,-56,-70,-57,-66,-56,-66,-39,-62,-55,0,0,39,22,14,32,52,41,37,39,34,39,172,29,29,31,43,15,184,168,191,74,87,88,106,100,88,88,115,12,17,0,0,0,6,0,0,0,0,0,0,-439,-440,-416,-437]} 1. e4 c5 2. Nf3 e6 3. d4 cxd4 4. Nxd4 Nf6 5. Nc3 d6 6. Be2 Be7 7. O-O a6 8. f4 Qc7 9. Bf3 Nc6 {[%cal Bb8c6,Bc6a5,Ba5c4][%mdl 32]} 10. Kh1 O-O 11. Be3 Na5 12. g4 {B85: Sicilian Scheveningen: 6 Be2 a6, lines with early Be3} Nc4 {[%mdl 64] Double Attack} 13. Bc1 Re8 14. g5 {White is slightly better.} Nd7 15. Bg2 b5 16. a3 (16. f5 $5 {[%cal Rf5e6]} Nde5 17. Qh5 $14) 16... Bb7 17. f5 Nf8 (17... exf5 $11 18. Nxf5 Bf8) 18. f6 $16 Bd8 19. b3 (19. Qh5 $16) 19... Ne5 $11 20. Ndxb5 (20. Bb2 $14) 20... axb5 $15 21. Nxb5 {[%mdl 64] Double Attack} Qc6 22. Nxd6 Bc7 23. Nxe8 Rxe8 24. Bf4 Nfg6 ({Black should play} 24... Neg6 $1 $15 25. Bxc7 Qxc7) 25. Bg3 $1 $11 Bb6 26. Qe2 Bd4 $1 {[%cal Rd4a1]} 27. Rab1 Bc3 28. b4 $1 Nc4 29. b5 Qc5 30. Rfd1 {Rd7 is the strong threat.} gxf6 (30... Be5 $14) 31. gxf6 (31. Rd7 $18 Re7 32. Rd3) 31... Bxf6 32. a4 {Black must now prevent Rd7.} Bd4 33. b6 {Hoping for Rb5.} e5 $2 {[#]} (33... Be5 $1 $11) 34. c3 $1 $18 {[%cal Rc3d4][%mdl 512]} Be3 {[#]} ({Don't blunder} 34... Bxc3 $2 35. Rdc1 $18) 35. Rb5 (35. Rb4 $1 $18 {and the rest is easy.} Rc8 36. Rd7 (36. Rxc4 Qxc4 37. Qxe3 Qxa4 $16)) 35... Qc6 $16 36. Rb4 Rc8 {[#]} 37. Rxc4 $1 {[%mdl 576] Remove Defender} Qxc4 38. Qxe3 {aiming for Ra1.} Qxa4 39. Rf1 (39. Rc1 $16) 39... Qb3 $11 40. Rc1 Rc6 41. Bf2 $36 {[%mdl 2048] White is pushing.} Nf4 42. Bf3 Nh3 43. Bg3 Qxb6 44. Qxb6 Rxb6 45. Bxe5 $2 {[%mdl 8192] [#]} (45. Kg2 $11 {and White has nothing to worry.} Nf4+ 46. Bxf4 exf4 47. Rf1) 45... Nf2+ $1 $19 {[%mdl 64] Double Attack} 46. Kg2 Nd3 {[%mdl 64] Double Attack. Accuracy: White = 46%, Black = 58%.} 0-1

[Event "IM Marmaris Karia V 2019"]
[Site "Marmaris"]
[Date "2019.03.12"]
[Round "9.3"]
[White "Uzumcu, Ahmet Utku"]
[Black "Nagy, Gabor"]
[Result "0-1"]
[WhiteElo "2211"]
[BlackElo "2487"]
[Annotator "TA"]
[PlyCount "44"]
[EventDate "2019.03.09"]
[EventType "schev"]
[EventCountry "TUR"]
[SourceTitle "playchess.com"]
[Source "ChessBase"]
[SourceQuality "1"]

{[%evp 17,44,68,84,52,67,60,70,30,59,33,36,44,30,28,37,19,17,-26,-15,-32,-55,-255,-223,-232,-245,-335,-158,-1009,-998]} 1. e4 c5 2. Nf3 e6 3. d4 cxd4 4. Nxd4 Nc6 5. Nc3 Qc7 6. Be3 Nf6 7. f4 d6 8. Qf3 Be7 9. O-O-O a6 10. Be2 {B82: Sicilian Scheveningen: 6 f4} Nd7 $146 ({Predecessor:} 10... O-O 11. g4 Nxd4 12. Bxd4 b5 13. e5 Bb7 14. Qh3 Nd7 15. Bd3 g6 16. Rhe1 dxe5 17. fxe5 b4 18. Ne4 Nxe5 {0-1 (30) Jakubiec,A (2528)-Zhigalko,S (2696) Bad Wiessee 2011}) 11. Rhf1 O-O 12. g4 {White is slightly better.} Nxd4 13. Bxd4 b5 $1 14. a3 $1 Bb7 15. Kb1 Rac8 16. g5 e5 17. Be3 d5 $1 {[%cal Rd5d4]} 18. exd5 {Strongly threatening Bd3.} Bxa3 $1 19. Rd3 $2 {[#]} (19. Bc1 $15) 19... Bxb2 $1 $19 {[%mdl 512]} 20. Kxb2 {Black must now prevent Qe4.} b4 21. Rb1 Rfe8 (21... bxc3+ $19 22. Kc1 Qa5) 22. Qg4 $2 (22. Qe4 $17 exf4 23. Qxb4 fxe3 24. d6) 22... e4 {Accuracy: White = 20%, Black = 61%.} ({Not} 22... bxc3+ 23. Kc1 $17) 0-1

[Event "IM Marmaris Karia V 2019"]
[Site "Marmaris"]
[Date "2019.03.12"]
[Round "9.4"]
[White "Van Der Merwe, Cecile H."]
[Black "Bajarani, Ulvi"]
[Result "0-1"]
[WhiteElo "2038"]
[BlackElo "2460"]
[Annotator "TA"]
[PlyCount "92"]
[EventDate "2019.03.09"]
[EventType "schev"]
[EventCountry "TUR"]
[SourceTitle "playchess.com"]
[Source "ChessBase"]
[SourceQuality "1"]

{[%evp 15,92,11,6,-23,-29,-22,-14,-27,-33,-85,-80,-80,-37,-260,-267,-221,-182,-166,-68,-64,-60,-71,-71,-56,-67,-77,-58,-81,-75,-108,-107,-148,-142,-144,-147,-156,-147,-151,-153,-171,-167,-164,-163,-166,-175,-222,-213,-224,-220,-281,-267,-279,-279,-281,-269,-277,-267,-275,-270,-278,-272,-368,-193,-443,-437,-389,-400,-546,-546,-1116,-635,-1105,-1088,-1301,-1237,-5130,-5126,-5122,-5114]} 1. e4 e6 2. d4 d5 3. Nd2 Be7 4. Bd3 c5 5. dxc5 Nf6 6. Qe2 O-O 7. Ngf3 {C03: French Tarrasch: Unusual Black 3rd moves} a5 8. O-O Na6 {LiveBook: 308 Games} 9. c3 {The position is equal.} (9. e5 Nd7 10. c4 Ndxc5 11. Bb1 d4 12. Rd1 d3 13. Qe3 b6 14. Ne1 Bb7 15. Nxd3 {½-½ (57) Liang,A (2552)-So,W (2786) Saint Louis 2018}) 9... Nxc5 10. Bc2 b6 {Threatens to win with ...Ba6.} 11. Rd1 Ba6 12. Qe3 ({Better is} 12. c4 $15) 12... Ng4 $146 ({Predecessor:} 12... Qc7 13. e5 Nfd7 14. Nf1 f6 {0-1 (31) Patil,P (2197)-Praveen Kumar,C (2330) Kolkata 2012}) 13. Qf4 Bd3 14. Nd4 $2 ({White must play} 14. Bxd3 $15 Nxf2 15. Bc2 Nxd1 16. e5) 14... Bxc2 $19 15. Nxc2 h5 {...dxe4 is the strong threat.} 16. Qf3 {[#]} Nxe4 ({Black should play} 16... Qb8 $1 $19 {[%cal Rb8h2]} 17. Qh3 Bd6 18. Qxh5 Bxh2+ 19. Kf1 Nxf2 20. Kxf2 Qg3+ 21. Kf1 Qd3+ 22. Qe2 Qxc2) 17. Nxe4 $15 dxe4 18. Rxd8 exf3 $40 {[%mdl 128] White is in trouble.} 19. Rxa8 Rxa8 20. gxf3 Ne5 21. Kg2 Rd8 22. Nd4 Bc5 23. f4 Nd3 24. Be3 Nxb2 25. Kf3 Nc4 26. Rg1 g6 27. Ke4 Nd6+ 28. Kf3 Rc8 29. a4 Nf5 30. Rb1 Bxd4 31. cxd4 $19 {[%mdl 4096] Endgame KRB-KRN} Rc4 32. Ke4 Rxa4 33. Rxb6 Kg7 34. Ke5 Ra2 35. Ke4 a4 36. Ra6 Ne7 37. d5 exd5+ {[%cal Be6d5,Bd5d4,Bd4d3,Bd3d2][%mdl 32]} ({Don't take} 37... Nxd5 38. Bd4+ Kh6 39. h4 $19) 38. Ke5 a3 (38... Nf5 $142 39. Kxd5 Nxe3+ 40. fxe3 Rxh2 41. Rxa4 h4) 39. Bd4 $2 {[#]} (39. Bc5 {might work better.}) 39... Nf5 $1 40. Bc5 {[#]} d4 $1 41. Bxa3 {And now Bf8+! would win.} (41. Bxd4 Nxd4) 41... Rxf2 {Black is clearly winning.} 42. Ra8 Re2+ 43. Kd5 d3 44. Kc4 d2 45. Bb2+ f6 46. Ra7+ Re7 {Precision: White = 26%, Black = 70%.} 0-1

[Event "IM Marmaris Karia V 2019"]
[Site "Marmaris"]
[Date "2019.03.12"]
[Round "9.5"]
[White "Ozkan, Taha"]
[Black "Sibashvili, Giorgi"]
[Result "0-1"]
[WhiteElo "2019"]
[BlackElo "2419"]
[Annotator "TA"]
[PlyCount "56"]
[EventDate "2019.03.09"]
[EventType "schev"]
[EventCountry "TUR"]
[SourceTitle "playchess.com"]
[Source "ChessBase"]
[SourceQuality "1"]

{[%evp 9,56,10,13,17,8,20,20,14,11,5,10,0,0,-17,0,-51,-26,-52,-54,-67,-68,-81,-52,-81,-85,-72,-50,-211,-191,-379,-199,-540,-529,-662,-612,-921,-927,-3003,-2889,-29986,-29987,-29994,-29995,-29995,-29996,-29997,-29998,-29998,-29999]} 1. d4 d6 2. c4 e5 3. e3 g6 (3... exd4 4. exd4 g6 5. Nc3 Bg7 6. h3 Ne7 7. Nf3 O-O 8. Bf4 Nf5 9. d5 Nh4 10. Nxh4 Re8+ 11. Be2 Qxh4 {0-1 (51) Sandipan,C (2570)-Petrosian,T (2615) Yerevan 2017}) 4. Nc3 Bg7 5. g3 Nc6 {[%cal Re5d4]} 6. d5 {A41: 1 d4 d6: Tartakower System and Modern Defence} Nce7 7. Bg2 f5 8. Nge2 {The position is equal.} Nf6 9. b3 O-O 10. Bb2 a6 $146 ({Predecessor:} 10... a5 11. O-O g5 12. Qd2 Ng6 13. f4 {1-0 (26) Baltabaev,T (2121)-Kholopov,A (2310) Pardubice 2013}) 11. b4 e4 12. a4 (12. h4 $11) 12... Ng4 13. O-O Ne5 14. Qb3 Nf3+ 15. Bxf3 $1 exf3 16. Nc1 g5 $1 17. Nd3 Qe8 18. Rfc1 $2 {[#]} (18. Nb1 $1 $15) 18... Qh5 $1 $19 19. Qd1 $2 {[#]} (19. c5) 19... Rf6 (19... f4 $142 $1 {[%mdl 512]} 20. Rc2 (20. exf4 gxf4) 20... Ng6) 20. Kh1 $2 {[#]} (20. Kf1) 20... f4 $1 {[%mdl 512] Hoping for ...Rh6.} 21. exf4 gxf4 22. Rc2 Bh3 23. Kg1 Bg2 {( -> ...Qxh2+!)} 24. h4 Qg4 {Black mates.} 25. Nxf4 Rxf4 26. Qe1 {[#]} Be5 $1 {[%mdl 512]} 27. Ne4 {[#]} Qh3 $1 {[%csl Gg2][%cal Rh3h1][%mdl 512]} 28. Nf6+ Rxf6 {Accuracy: White = 21%, Black = 75%.} 0-1

[Event "IM Marmaris Karia V 2019"]
[Site "Marmaris"]
[Date "2019.03.12"]
[Round "10.1"]
[White "Dimitrijevic, Aleksandra"]
[Black "Tanriverdi, Enes"]
[Result "1/2-1/2"]
[WhiteElo "2139"]
[BlackElo "2310"]
[Annotator "TA"]
[PlyCount "135"]
[EventDate "2019.03.09"]
[EventType "schev"]
[EventCountry "TUR"]
[SourceTitle "playchess.com"]
[Source "ChessBase"]
[SourceQuality "1"]

{[%evp 13,135,8,15,0,0,0,2,0,0,-6,7,0,0,-8,0,0,0,0,0,-14,-20,-50,-33,-18,-31,-82,0,0,0,-84,-27,-44,-33,-56,0,-73,-29,-16,20,21,33,22,47,41,195,203,209,181,173,0,0,0,0,-117,0,0,0,0,0,0,0,-9,-8,-11,-11,-117,-108,-116,-85,-116,-75,-60,-61,-159,-95,-100,-52,-73,-53,-187,-187,-231,-60,-91,-89,-159,-14,-14,0,-78,-8,-8,-8,-8,-8,-8,-8,-8,-8,-8,-8,-8,-8,-8,-8,-8,-8,-8,-8,-8,-8,-8,-8,-8,-8,-8,-35,-53,-60,-75,-82,-100,-8,-8]} 1. c4 Nf6 2. Nf3 g6 3. b3 Bg7 4. Bb2 O-O 5. e3 b6 6. Be2 Bb7 7. O-O e6 8. Nc3 {A15: English Opening: 1...Nf6} d5 9. d4 Nbd7 10. cxd5 exd5 11. Qc2 a6 12. Rac1 Re8 13. a4 $146 ({Predecessor:} 13. Rfd1 Rc8 14. b4 b5 15. a4 c6 {1-0 (50) Kryvoruchko,Y (2710)-Shabalov,A (2522) Berlin 2015}) 13... c5 14. Rfd1 Rc8 15. Qb1 Qe7 16. Ba3 Ng4 17. Re1 Ndf6 (17... Nxf2 $5 18. Kxf2 Qxe3+ {[%mdl 64] Double Attack} 19. Kf1 Bxd4 $17) 18. Nd1 Ne4 $36 {[%mdl 2048] Black has good play.} 19. Bd3 (19. Qa2 $15) 19... a5 (19... Ng5 $17 20. Be2 Qc7) 20. h3 $11 Ngf6 21. Ne5 (21. Nc3 $11 {keeps the balance.}) 21... Qe6 ({Black should play} 21... Nd2 $1 $17 {[%cal Rd2b1]} 22. Qa2 Nde4) 22. f3 Nd6 23. Nf2 {[%cal Rd4c5]} Rc7 (23... Nh5 $15) 24. e4 (24. b4 $11) 24... dxe4 25. fxe4 Nh5 26. Nf3 Qc8 27. d5 Rce7 28. Bb2 Bxb2 $2 (28... f6 $1 $14) 29. Qxb2 $18 f6 30. e5 $1 {[%cal Re5d6]} fxe5 31. Rxe5 $2 (31. Ng4 $1 $18) 31... Rxe5 $11 32. Nxe5 Qc7 33. Nxg6 (33. Nc4 $11 Bxd5 34. Ng4) 33... hxg6 (33... Qg7 $17 34. Qxg7+ Kxg7) 34. Bxg6 {[%mdl 64] Double Attack} Qg7 35. Qxg7+ Nxg7 36. Bxe8 Ngxe8 37. g4 Bxd5 38. Rc3 Nc7 {With the idea ...Ne6.} 39. h4 (39. Rd3 $11 {remains equal.}) 39... Ne6 $1 $17 {[%cal Re6d4] And now ...Nd4 would win.} 40. Re3 Nd4 41. Re7 Bxb3 42. Rd7 Nf7 43. g5 (43. Rb7 $15) 43... Nf3+ ({Black should try} 43... Ne5 44. Rb7 Bxa4 45. Rxb6 Bc2) 44. Kg2 Nxh4+ 45. Kg3 Ng6 ({Don't take} 45... Bxa4 46. Rb7 $17) 46. Ne4 (46. Rb7 $15) 46... Bxa4 $19 47. Rb7 {[#]} Bc2 $2 (47... Bc6 $1 $19 {[%cal Rc6b7]} 48. Nf6+ Kf8 49. Rb8+ Ke7 50. Rxb6 Kd6 51. Ne8+ Kd7) 48. Nf6+ $15 Kg7 49. Rxb6 (49. Nd7 $142) 49... c4 (49... Nxg5 $17 50. Ng4 a4 51. Rb7+ Kf8) 50. Nh5+ $1 $11 Kg8 (50... Kf8 {with more complications.} 51. Rb8+ Ke7 52. Rb7+ Ke8 53. Rb8+ Nd8) 51. Nf4 (51. Rb8+ $11 Nf8 52. Nf6+ Kg7 53. Nh5+ Kg8 54. Nf6+ Kg7 55. Nh5+ Kg8) 51... Nxf4 ({Better is} 51... Nfe5 $17 52. Nxg6 Nxg6) 52. Kxf4 Kg7 53. Rc6 a4 {[%cal Ba5a4,Ba4a3,Ba3a2][%mdl 32] Threatens to win with ...Bb3.} 54. Rxc4 Bb3 55. Rc7 a3 56. Ra7 a2 {Hoping for ...Kg6.} 57. Kf5 Bc2+ 58. Kf4 Bb1 59. Ke3 Kg6 60. Kd2 Nd6 (60... Nxg5 $2 61. Ra6+ Kf5 62. Kc1 $19) 61. Kc1 Nc4 (61... Kxg5 $2 62. Kd2 $19) 62. Ra8 Kxg5 63. Ra7 Kf4 {White must now prevent ...Ke5.} 64. Ra8 Ke3 {...Kd3 is the strong threat.} 65. Ra7 Kd3 66. Ra8 Kc3 {Strongly threatening ...Kd4.} 67. Ra7 {[#]} Kb4 (67... Kd4 $1 $17 {[%cal Rd4c3] aiming for ...Kc3.} 68. Ra4 Kc5) 68. Rb7+ {Accuracy: White = 42%, Black = 39%.} 1/2-1/2

[Event "IM Marmaris Karia V 2019"]
[Site "Marmaris"]
[Date "2019.03.12"]
[Round "10.2"]
[White "Nagy, Gabor"]
[Black "Keler, Faruk"]
[Result "1-0"]
[WhiteElo "2487"]
[BlackElo "2291"]
[Annotator "TA"]
[PlyCount "53"]
[EventDate "2019.03.09"]
[EventType "schev"]
[EventCountry "TUR"]
[SourceTitle "playchess.com"]
[Source "ChessBase"]
[SourceQuality "1"]

{[%evp 15,53,21,22,8,21,17,20,27,28,14,39,18,31,5,25,-11,78,66,77,79,91,82,185,166,195,211,332,123,449,429,383,345,383,379,531,543,520,504,541,483]} 1. d4 d5 2. Nf3 Nf6 3. c4 c6 4. Nc3 dxc4 5. a4 Bf5 6. Ne5 Nbd7 7. Nxc4 Nb6 8. Ne5 a5 9. h4 {D17: Slav Defence: 5 a4 Bf5: Lines with 6 Nh4 and 6 Ne5} e6 10. f3 {And now g4 would win.} h6 11. e4 {The position is equal.} Bh7 $1 12. Be3 Nfd7 13. Nd3 Bd6 14. Bf2 O-O {[#]} 15. Be2 $146 ({Predecessor:} 15. Qb3 Qe7 16. g4 Kh8 {0-1 (32) So,W (2812)-Giri,A (2771) Leuven 2017}) 15... f5 (15... Qc7 $11) 16. e5 $36 {[%mdl 2048] White has the initiative.} Bb4 17. Qb3 Nd5 18. Nxb4 axb4 (18... Nxb4 $16 19. Qxe6+ Kh8) 19. Nxd5 $18 exd5 20. Qxb4 Kh8 (20... Qb6 $142 21. Qd2 Rfb8) 21. e6 $2 {[#]} (21. Qxb7 $18 {and White stays clearly on top. e6 is the strong threat.} Qe7 22. O-O) 21... c5 $2 {[%mdl 8192]} (21... Qb6 $16 {is a better chance.} 22. Qxb6 Nxb6) 22. dxc5 Ne5 23. O-O Qe7 24. Rfe1 Qxe6 (24... f4 {was called for.} 25. Bb5 Nc6) 25. Bf1 {White is clearly winning.} Qf6 26. Qxb7 Rfd8 27. Rad1 {Accuracy: White = 75%, Black = 35%.} 1-0

[Event "IM Marmaris Karia V 2019"]
[Site "Marmaris"]
[Date "2019.03.12"]
[Round "10.3"]
[White "Bajarani, Ulvi"]
[Black "Uzumcu, Ahmet Utku"]
[Result "1-0"]
[WhiteElo "2460"]
[BlackElo "2211"]
[Annotator "TA"]
[PlyCount "107"]
[EventDate "2019.03.09"]
[EventType "schev"]
[EventCountry "TUR"]
[SourceTitle "playchess.com"]
[Source "ChessBase"]
[SourceQuality "1"]

{[%evp 13,107,40,20,-25,15,12,11,18,12,14,15,0,65,34,27,26,28,28,28,29,33,29,33,25,27,17,19,15,34,8,57,24,71,26,113,39,146,127,133,130,117,120,129,110,110,105,111,108,116,115,177,179,209,216,225,223,228,227,247,246,287,289,293,183,235,270,257,209,388,370,575,572,1044,1003,1166,1065,1052,1049,1014,968,7076,7050,29979,29980,29979,29978,29982,29983,29983,29984,29985,29986,29986,29987,29987,29985]} 1. d4 Nf6 2. c4 g6 3. Nc3 d5 4. Bg5 Ne4 5. Bh4 Nxc3 6. bxc3 dxc4 7. e3 Be6 8. Nh3 {D80: Grünfeld: Unusual White 4th moves and 4 Bg5} (8. Nf3 Bg7 9. Qb1 Qd5 10. Be2 Bf5 11. Qb4 c5 12. Qb5+ Bd7 13. Qxc4 Bc6 14. Qb3 e6 15. c4 Qd7 16. Ne5 Qc7 17. O-O {½-½ (124) Wei,Y (2743)-Svidler,P (2768) Wijk aan Zee 2018}) 8... Bxh3 9. gxh3 Qd5 10. Rg1 {And now Bg2 would win.The position is equal.} c6 $146 ({Predecessor:} 10... Qa5 11. Qc2 Nd7 12. Bxc4 Bg7 13. Rb1 Nb6 14. Be2 e5 15. Rb5 Qa3 16. dxe5 {1-0 (23) Bindrich,F (2582)-Abramowski,J (1983) Bangkok 2017}) 11. Qb1 b6 12. a4 h6 (12... Nd7 $11) 13. Qb4 e6 14. Qxc4 Qxc4 15. Bxc4 Bd6 16. Bg3 Bxg3 17. hxg3 Nd7 18. Ke2 Ke7 19. Rgb1 g5 20. Bd3 Kd6 21. c4 f5 22. g4 f4 23. a5 Kc7 (23... fxe3 $11 {keeps the balance.} 24. fxe3 Rab8) 24. Rb2 (24. exf4 $16 gxf4 25. Rd1) 24... Rhc8 (24... fxe3 $14 25. fxe3 (25. Kxe3 e5 $14) 25... Rab8) 25. Rba2 {Black must now prevent axb6+.} Rab8 26. axb6+ axb6 27. exf4 gxf4 28. Kf3 c5 29. dxc5 ({Of course not} 29. Kxf4 $6 cxd4 30. Ra7+ Kd6 $11) 29... Nxc5 30. Bh7 Rd8 31. Ra7+ Rb7 (31... Kc6 $16 {is a better defense.}) 32. Rxb7+ $18 ({But not} 32. Kxf4 $6 Rd4+ 33. Kg3 Rxc4 $16) 32... Kxb7 33. Kxf4 {[%mdl 4096] Endgame KRB-KRN} Rd4+ 34. Ke5 Rxc4 {[#]} 35. Kf6 $1 b5 36. Kg7 b4 37. Kxh6 b3 38. Rb1 Kc6 (38... Rf4 $142 39. Bc2 Kc7 40. Bxb3 Rf3) 39. f3 Kd6 40. h4 Ke7 $2 (40... Rf4 41. h5 Rxf3) 41. h5 Rc3 (41... Rf4 $142 42. g5 Rxf3) 42. Be4 Nd7 43. g5 Ne5 44. g6 Kf6 45. Rg1 Rc8 46. g7 Nf7+ 47. Kh7 Ng5+ {[#]} 48. Rxg5 $1 {[%mdl 576] Promotion. White mates.} Kxg5 {[#] KR-KB} 49. Bg6 $1 b2 50. g8=Q Rxg8 51. Kxg8 e5 52. Kg7 e4 53. Bxe4 Kxh5 54. f4 {Accuracy: White = 67%, Black = 29%.} 1-0

[Event "IM Marmaris Karia V 2019"]
[Site "Marmaris"]
[Date "2019.03.12"]
[Round "10.4"]
[White "Sibashvili, Giorgi"]
[Black "Haussernot, Cecile"]
[Result "1/2-1/2"]
[WhiteElo "2419"]
[BlackElo "2144"]
[Annotator "TA"]
[PlyCount "21"]
[EventDate "2019.03.09"]
[EventType "schev"]
[EventCountry "TUR"]
[SourceTitle "playchess.com"]
[Source "ChessBase"]
[SourceQuality "1"]

{[%evp 19,21,0,35,0]} 1. d4 Nf6 2. c4 g6 3. Nc3 Bg7 4. e4 d6 5. Nf3 O-O 6. Be2 Bg4 7. Ng1 Bc8 $146 ({Predecessor:} 7... Bxe2 8. Ngxe2 Nfd7 9. O-O c5 10. d5 Na6 11. Be3 Nc7 12. Qd2 Re8 13. f4 a6 14. e5 dxe5 15. f5 b5 16. b3 bxc4 17. bxc4 {1-0 (54) Iturrizaga Bonelli,E (2646)-Chadaev,N (2582) Moscow 2013}) 8. Nf3 Bg4 9. Ng1 Bc8 10. Nf3 Bg4 11. Ng1 {E91: King's Indian: Classical: 6 Be2, unusual replies including 6...c5 and 6...Bg4} 1/2-1/2

[Event "IM Marmaris Karia V 2019"]
[Site "Marmaris"]
[Date "2019.03.12"]
[Round "10.5"]
[White "Szabo, Bence"]
[Black "Ozkan, Taha"]
[Result "0-1"]
[WhiteElo "2376"]
[BlackElo "2019"]
[Annotator "TA"]
[PlyCount "86"]
[EventDate "2019.03.09"]
[EventType "schev"]
[EventCountry "TUR"]
[SourceTitle "playchess.com"]
[Source "ChessBase"]
[SourceQuality "1"]

{[%evp 10,86,-4,-17,6,0,27,-53,-50,-74,-60,-68,-70,-69,-76,-84,-53,-101,-100,-98,-87,-103,-60,-100,-99,-139,-118,-152,-147,-156,-132,-279,-166,-164,-135,-157,-139,-204,-182,-166,-141,-166,-97,-310,-181,-255,-232,-345,-345,-347,-343,-331,-343,-318,-304,-381,-367,-442,-447,-628,-447,-490,-461,-452,-450,-441,-436,-414,-344,-402,-404,-393,-396,-531,-489,-551,-541,-29978,-29969]} 1. c4 c6 2. d4 d5 3. Nc3 dxc4 4. a4 e5 5. Nf3 exd4 6. Nxd4 Bc5 {D10: Slav Defence: 3 cxd5 (without early Nf3) and 3 Nc3} (6... Nd7 {is more complex.} 7. e4 Ngf6 8. Bxc4 Ne5 9. Be2 Bc5) 7. e3 (7. Be3 Qa5 8. Ndb5 Bxe3 9. Nd6+ Kf8 10. fxe3 Qc7 11. g3 Na6 12. Bg2 Be6 13. e4 Rd8 14. e5 {0-1 (25) Ibragimov,I (2555)-Popov,I (2627) Moscow 2013}) 7... Bxd4 (7... Nf6 {seems wilder.} 8. Bxc4 O-O 9. O-O Qc7 10. b3 Nbd7) 8. exd4 ({Better is} 8. Qxd4 $11 Qxd4 9. exd4) 8... Be6 $15 {Black is slightly better.} 9. Be2 Nf6 10. O-O O-O 11. a5 Nbd7 12. Bg5 Qc7 13. Qd2 $146 ({Predecessor:} 13. Ra4 b5 14. Ra1 {0-1 (40) Falz,R-Ahlberg,G (2250) Berlin 1994}) 13... b5 14. Rfe1 a6 15. Bf3 Nd5 16. Ne2 Rfe8 17. Rec1 Rac8 18. Ra3 f6 19. Bh4 Bf7 20. Ng3 (20. Bg3 $17 Qd8 21. Nf4) 20... Bg6 (20... Qf4 $142 21. Qxf4 Nxf4) 21. Nf1 $19 Qb7 22. Bg3 Nf8 23. h4 (23. Ne3 $17 {was worth a try.}) 23... Rcd8 24. Ne3 h6 25. Re1 {[#]} Qf7 (25... Ne7 $1 $19 26. Nc2 Nf5 27. Rxe8 Bxe8) 26. Bd1 $2 {[#]} (26. Nxd5 $17 cxd5 27. Rae3) 26... Be4 (26... c5 $142 $1 {[%mdl 512] Threatens to win with ...Nb4.} 27. Bf3 (27. dxc5 Nxe3) 27... Nb4) 27. Nf1 (27. b4 {was called for.}) 27... Bd3 28. Nh2 (28. Rxe8 $142 Qxe8 29. Rxd3 cxd3 30. Qxd3) 28... Rxe1+ 29. Qxe1 Re8 30. Qd2 Qe7 31. Nf3 Qe4 32. h5 Ne6 33. Kh2 Nxd4 34. Nh4 (34. Nxd4 $142 Qxd4 35. Bf3) 34... Nf5 35. Bf3 Qe1 36. Rxd3 cxd3 37. Qxd3 Nxh4 38. Bxh4 Qe6 39. Bg3 f5 40. Qd2 Nf6 41. Bd1 Ne4 42. Qe3 Nxg3 43. Bb3 Nf1+ {[%mdl 64] Double Attack. Accuracy: White = 31%, Black = 57%.} 0-1